00467nam a22001457a 4500003000500000005001700005008004100022020001800063050002400081100002200105245009500127250001800222260005200240300002900292SISC20170109162928.0170109b xxu||||| |||| 00| 0 eng d a9786210200607 aKPM 810b.Ul37 2016 aUlep, Mauricio C. aA bar oriented approach to the law on obligations and contracts /cAtty. Mauricio C. Ulep. a2016 edition. aQuezon City :bCental Book Supply, Inc.,c2016. axix, 418 pages ;c23 cm.